000 00714nam a22002417a 4500
003 UA-OsUOA
001 53096
007 ta
008 20080313b un ||||| |||| 00| 0 ukr d
100 _aПонікаров В. Д.
090 _a347.1(477)(075.8)
_bП56
942 _cBK
040 _aUA-OsUOA
_bukr
_cUA-OsUOA
_dUA-OsUOA
245 _aЦивільне право
_bНавчальний посібник
300 _a196 с.
955 _a2
041 _aukr
080 _a347.1(477)(075.8)
020 _a978-966-364-497-4
260 _aК.
_bЦентр навчальної літератури
_c2007
650 7 _a347 Цивільне право. Судовий устрій
_2UDC
999 _c339192
_d339192